| 000 | 00803nam a2200265 i 4500 | ||
|---|---|---|---|
| 001 | bgj | ||
| 245 | 1 | 0 |
_aSchülerduden : _bdie Wirtschaft / _chrsg. und bearb. von Meyers Lexikonredaktion unter Leitung von Werner Digel ; bearb. von Gerd Sackmann und Oberstudiendirektor Hans Weber sowie weiteren Mitarbeiten. |
| 246 | _aDie |Wirtschaft. | ||
| 260 |
_aMannheim : _bDudenverlag, _c1988. |
||
| 300 |
_a428 s. : _bil. ; _c20 cm. |
||
| 504 | _aIndeks. | ||
| 650 | 9 | _aJęzyk niemiecki | |
| 655 | _aSłowniki | ||
| 700 | 1 | _aDIGEL, Werner. | |
| 700 | 1 | _aSACKMANN, Gerd. | |
| 700 | 1 | _aWEBER, Hans. | |
| 020 | _a3411022213 | ||
| 040 | _cBPK | ||
| 041 | 0 | _ager | |
| 044 | _aDEU | ||
| 080 | _a811.112.2(03) | ||
| 920 | _a3-411-02221-3 | ||
| 942 | _cKS | ||
| 008 | s gw f |000 0 ger | ||
| 999 |
_c49565 _d49565 |
||
| 856 |
_uhttp://koha.tu.koszalin.pl/cgi-bin/koha/opac-detail.pl?biblionumber=49565 _yKatalog online BPK |
||